Dear Silver Lining;A collection of odd yet Awed odes/ (Record no. 196952)

MARC details
000 -LEADER
fixed length control field 00577nam a22001817a 4500
005 - DATE AND TIME OF LATEST TRANSACTION
control field 20231013162145.0
010 ## - LCCN (DPL NO)
LC control number ENG-137758
020 ## - INTERNATIONAL STANDARD BOOK NUMBER
International Standard Book Number 9789357942911
035 ## - SYSTEM CONTROL NUMBER
System control number EN-121289
037 ## - SOURCE OF ACQUISITION
Source of stock number/acquisition DBAD
082 ## - DEWEY DECIMAL CLASSIFICATION NUMBER
Classification number 881
100 ## - MAIN ENTRY--PERSONAL NAME
Personal name jain, Shalini Chhabra
245 ## - TITLE STATEMENT
Title Dear Silver Lining;A collection of odd yet Awed odes/
Statement of responsibility, etc Shalini Chhabra Jain
260 ## - PUBLICATION, DISTRIBUTION, ETC. (IMPRINT)
Place of publication, distribution, etc New Delhi
Name of publisher, distributor, etc V&S Publishers
Date of publication, distribution, etc 2020
270 ## - ADDRESS
Address F-2/16, Ansari Road , Daryaganj, New Delhi -110002
City New Delh
Postal code 110002
300 ## - PHYSICAL DESCRIPTION
Extent 91p.
Dimensions 23 cm(Pbk)
942 ## - ADDED ENTRY ELEMENTS (KOHA)
Source of classification or shelving scheme Dewey Decimal Classification
Item type English Books
Classification part 881
Call number suffix JAI
Edition 2020
Holdings
Withdrawn status Lost status Not for loan Collection code Home library Current library Date acquired Source of acquisition Cost, normal purchase price Full call number Barcode Copy number Cost, replacement price Koha item type
      Non-fiction Vinoba Puri Vinoba Puri 10/08/2023 DBAD/PUB 295.00 881 JAI EN-121289 1 295.00 English Books

© Delhi Public Library
Hit Counter
free hit counter